000 00316nam a2200121 a 4500
005 20140414131901.0
008 100916s19uu xx 00 eng d
050 _aFIC
_bB52 2000
100 _aKrensky, Stephen
245 _aBinky rules.
260 _aNew York :
_bLittle, Brown and Company,
_c2000.
999 _c110641
_d110641